Bankový systém ako súčasť ekonomického systému

Historický vývoj bankového systému a jeho úloha v jednotlivých spoločenských systémoch. Komerčná banka a jej sprostredkovateľská úloha. Riziká bánk. Operácie komerčných bánk.

Gespeichert in:
Bibliographische Detailangaben
1. Verfasser: Horvátová, Eva, 1958-
Format: Buchkapitel
Sprache:Slowakisch
Schlagworte:
Tags: Tag hinzufügen
Keine Tags, Fügen Sie das erste Tag hinzu!

MARC

LEADER 00000naa$a2200000$$$4500
001 0314378
005 20260126145502.4
041 0 |a slo 
044 |a CZ 
245 1 0 |a Bankový systém ako súčasť ekonomického systému  |c Eva Horvátová 
520 |a Historický vývoj bankového systému a jeho úloha v jednotlivých spoločenských systémoch. Komerčná banka a jej sprostredkovateľská úloha. Riziká bánk. Operácie komerčných bánk. 
610 2 0 |a banky 
610 2 0 |a likvidita 
610 2 0 |a kapitál bankový 
610 2 0 |a solventnosť 
100 1 |a Horvátová, Eva, 1958-